Iniciación bíblica
Saved in:
| Main Authors: | , |
|---|---|
| Format: | Bog |
| Sprog: | spansk |
| Udgivet: |
Barcelona
Herder
1970
|
| Fag: | |
| Tags: |
Tilføj Tag
Ingen Tags, Vær først til at tagge denne postø!
|
MARC
| LEADER | 00000nam a2200000 a 4500 | ||
|---|---|---|---|
| 001 | UCL2454 | ||
| 003 | CL-VaPUC | ||
| 008 | 031024e19700000SP |||||||||||||||||spa|d | ||
| 082 | 0 | 4 | |a 220.6 |b GRO |2 21 |
| 100 | 0 | |a Gross, Heinrich |e author |9 479542 | |
| 700 | 0 | |a Neuenzeit, Paul |e author |9 479543 | |
| 245 | 1 | 0 | |a Iniciación bíblica |
| 300 | |a 237 p | ||
| 942 | |c BK | ||
| 945 | |d 20031024 00:00:00 |a vberengu | ||
| 260 | |a Barcelona |b Herder |c 1970 | ||
| 650 | 0 | |a Biblia |9 257603 | |
| 650 | 0 | |a Crítica e interpretación |9 255042 | |
| 650 | 0 | |a Textos sagrados |9 257605 | |
| 650 | 0 | |a Exégesis bíblica |9 412524 | |
| 650 | 0 | |a Nuevo testamento |9 257604 | |
| 650 | 0 | |a Antiguo testamento |9 313678 | |
| 583 | |a last modification |c 20170628 01:14:12 |k Rodrigo Vera | ||
| 999 | |c 305760 |d 305758 | ||
| 952 | |0 0 |1 0 |4 0 |6 220_600000000000000_GRO_1970 |7 0 |8 A |9 370136 |a BIBTEO |b BIBTEO |d 2019-11-21 |i 2091275 |o 220.6 GRO 1970 |p 2091275 |r 2025-01-17 |w 2019-11-21 |y BK |k ICR | ||